LEADER 01015cam0-22003731i-450- 001 990006837980403321 005 20051025140035.0 010 $a2-200-01402-3 035 $a000683798 035 $aFED01000683798 035 $a(Aleph)000683798FED01 035 $a000683798 100 $a20010426d1996----km-y0itay50------ba 101 0 $afre 102 $aFR 105 $aabe-a---001cy 200 1 $a<>Noblesse en Occident$e(Ve-XVe siècle)$fMartin Aurell 210 $aParis$cArmand Colin$d©1996 215 $a194 p.$cill. b. e n.$d21 cm 225 1 $aCursus$iHistoire 610 0 $aNobiltà - Europa occidentale - Medioevo 676 $a940 676 $a909 676 $a305.5223 700 1$aAurell,$bMartin$0157327 801 0$aIT$bUNINA$gRICA$2UNIMARC 901 $aBK 912 $a990006837980403321 952 $aXIV O 249$b29714$fFSPBC 952 $a305.522 AUR 1$bBibl. 40285$fFLFBC 959 $aFSPBC 959 $aFLFBC 996 $aNoblesse en Occident$9626136 997 $aUNINA LEADER 01162nam0-22003491i-450- 001 990003792440403321 005 20001010 010 $a0-87474-609-4 035 $a000379244 035 $aFED01000379244 035 $a(Aleph)000379244FED01 035 $a000379244 100 $a20001010d--------km-y0itay50------ba 101 0 $aita 105 $ay-------001yy 200 1 $aKIN and Communities$eFamilies in America$fedited by Allan J. Lichtman and Joan R. Challinor$gforeword by S. DillonRipley$gintroduction by Wilton S. Dillon. 210 $aWashington$cSmithsonian Institution Press$dc1979 215 $a335 p.$cill.$d23 cm 225 1 $aSmithsonian International Symposia Series 300 $a[Proceedings of a Smithsonian Institution symposium held in Washington, D.C., June 14-17, 1977]. - 610 0 $aFAMIGLIA$aStati Uniti 676 $a306.850973 702 1$aChallinor$bjoan R. 702 1$aLichttman,$bAllan J. 801 0$aIT$bUNINA$gRICA$2UNIMARC 901 $aBK 912 $a990003792440403321 952 $a306.850973 LIC 1$b5700$fBFS 959 $aBFS 996 $aKIN and Communities$9506304 997 $aUNINA DB $aING01 LEADER 02018nam--2200529---450- 001 990002102850203316 005 20090430131623.0 010 $a88-7075-574-6 035 $a000210285 035 $aUSA01000210285 035 $a(ALEPH)000210285USA01 035 $a000210285 100 $a20041022d2001----km-y0itay50------ba 101 0 $aita 102 $aIT 105 $ay|||z|||001yy 200 1 $aGuida agli esami per biblotecari e assistenti di biblioteca$eelementi di paleografia, storia del libro, biblioteconomia e bibliografia generale$etest e quesiti a risposta breve$fPaola Ferro, Anna Rita Zanobi 210 $aMilano$cEditrice bibliografica$d2001 215 $a215 p.$d20 cm 225 2 $aConcorsi per bibliotecari$v4 410 0$12001$aConcorsi per bibliotecari$v4 606 0 $aBiblioteconomia$xManuali [per] Concorsi$2BNCF 606 0 $aBibliografia$xManuali [per] Concorsi$2BNCF 676 $a020 700 1$aFERRO,$bPaola$08970 701 1$aZANOBI,$bAnna Rita$04885 801 0$aIT$bsalbc$gISBD 912 $a990002102850203316 951 $aI.2.A. 194(XIII B 170)$b177705 L.M.$cI.2.$d00124011 951 $aI.2.A. 194a$b198360 L.M.$cI.2.$d00129728 951 $aI.2.A. 194b$b198361 L.M.$cI.2.$d00129735 951 $aL.P. 67 (Presso Direzione)$b177706 L.M.$cL.P.$d00124012 959 $aBK 969 $aUMA 979 $aMARIA$b10$c20041022$lUSA01$h1030 979 $aSENATORE$b90$c20050531$lUSA01$h1842 979 $aPATRY$b90$c20050615$lUSA01$h1250 979 $aALESSANDRA$b90$c20070417$lUSA01$h1045 979 $aALESSANDRA$b90$c20070417$lUSA01$h1058 979 $aALESSANDRA$b90$c20070417$lUSA01$h1121 979 $aALESSANDRA$b90$c20070417$lUSA01$h1121 979 $aPAOLA$b90$c20070419$lUSA01$h1226 979 $aCOPAT6$b90$c20070928$lUSA01$h1226 979 $aANNAMARIA$b90$c20090430$lUSA01$h1119 979 $aANNAMARIA$b90$c20090430$lUSA01$h1316 996 $aGuida agli esami per biblotecari e assistenti di biblioteca$91037097 997 $aUNISA